| 000 | 00854nam a22002777a 4500 | ||
|---|---|---|---|
| 003 | CHAP | ||
| 005 | 20220329134150.0 | ||
| 008 | 971013s r 00010 d | ||
| 010 | _a16422 | ||
| 011 | _a17394 | ||
| 035 | _a21477 | ||
| 040 | _cCHAP | ||
| 082 |
_a630.97283 _bH6 |
||
| 110 |
_aHonduras. SecretarÃa de Recursos Naturales _956076 |
||
| 245 | _aMemoria | ||
| 260 |
_aTegucigalpa : _b(s.e.), _c19- |
||
| 300 |
_av. _b: ilus. |
||
| 500 | _aLa biblioteca tiene : 1978, 1979 | ||
| 590 |
_aBATCH-UPD _b10 _c20130110 _lUCH01 _h2126 |
||
| 590 |
_aCONVERSION _b10 _c20130109 _lUCH01 _h1310 |
||
| 650 | 1 | 4 |
_aAgricultura _xHonduras. _91538 |
| 901 | _aBK | ||
| 942 | _cLIBRO | ||
| 949 |
_a630.97283 H6 _bBC _cLIBRO _d33724000049615 _eLIBRO _f1978 _h31452 _i21477 _mD _si |
||
| 949 |
_a630.97283 H6 _bBC _cLIBRO _d33724000050274 _eLIBRO _f1979 _h56287 _i21477 _mD _si |
||
| 999 |
_c16422 _d16422 |
||